Guess Real Madrid 2016/17 squad by image - Statistics

General Stats
  • This quiz has been taken 279 times
  • The average score is 20 of 23
Answer Stats
Picture Answer % Correct
Zinedine Zidane
99%
Sergio Ramos
98%
Cristiano Ronaldo
97%
Karim Benzema
97%
Keylor Navas
97%
Pepe
97%
Toni Kroos
97%
Gareth Bale
96%
Marcelo
96%
Casemiro
95%
Daniel Carvajal
95%
Raphaël Varane
95%
James Rodríguez
94%
Luka Modrić
92%
Nacho Fernández
85%
Isco
83%
Marco Asensio
83%
Álvaro Morata
82%
Lucas Vazquez
81%
Mateo Kovačić
76%
Kiko Casilla
65%
Danilo
63%
Mariano Díaz
55%
No matching quizzes found
Score Distribution
Percent of People with Each Score
Percentile by Number Answered
Your Score History
You have not taken this quiz